Mathematics tables and how to use them.

Saved in:
Bibliographic Details
Main Author: Smith, Bradley V.
Format: Book
Language:English
Published: New York, Bantam Books [1964]
Series:Bantam Matrix editions.
Subjects:
LEADER 00904nam a22002651a 4500
001 c000159032
003 CARM
005 19870219000000.0
008 711124s1964 nyu 000 0 eng
010 |a 64017894 //r872 
019 1 |a 647331  |5 LACONCORD2021 
035 |a (OCoLC)711199  |5 LACONCORD2021 
040 |a LC  |b eng  |c LC  |d LC 
050 0 0 |a QA47  |b .S58 
082 0 4 |a 510.83 
100 1 |a Smith, Bradley V. 
245 1 0 |a Mathematics tables and how to use them.  |c Edited by Bradley V. Smith. 
260 |a New York,  |b Bantam Books  |c [1964] 
300 |a 185 p.  |c 18 cm. 
490 0 |a Bantam Matrix editions. 
500 |a "SM 1002." 
650 0 |a Mathematics  |x Tables. 
852 8 |b CARM  |h A2:AB16H0  |i A02863  |p 0209165  |f BK 
999 f f |i d21cb406-d086-5ca4-b4dd-e89fe351bb7b  |s d3262a3e-fe4e-56b4-b678-31c732f6ba4d 
952 f f |p Can circulate  |a CAVAL  |b CAVAL  |c CAVAL  |d CARM 1 Store  |e A02863  |f A2:AB16H0  |h Other scheme  |i book  |m 0209165